00311nam a2200133Ia 45000030006000000080041000060400015000471000022000622450033000842600027001173000006001445460010001500050017001600STCL150530s9999 xx 000 0 und d aSTCLcSTCL aShyamanath Prasad aReethikalothar Kar Aur Kavya bAnupam Prakashanc1979 a0 aHindi20220125171256.0